| 000 | 00362nam a2200145Ia 4500 | ||
|---|---|---|---|
| 008 | 230917s9999||||xx |||||||||||||| ||und|| | ||
| 040 |
_e28182 _aMAIN |
||
| 041 | _aEnglish | ||
| 082 | _a784 H876A | ||
| 100 | _aHukam chand | ||
| 245 | 0 | _aAdhunik kal mein shastriya sangeet | |
| 260 |
_aDelhi _bEastern book linkers _c1998 |
||
| 300 | _axii, 231 p. | ||
| 942 | _cBK | ||
| 999 |
_c91850 _d91850 |
||